书目信息 |
| 题名: |
历年考题汇编及答案详解
|
|
| 作者: | ;中华会计网校 编 | |
| 分册: | 审计 | |
| 出版信息: | 北京 人民出版社 2007.05 |
|
| 页数: | 131页 | |
| 开本: | 19cm | |
| 丛书名: | 2007年注册会计师全国统一考试梦想成真系列辅导丛书 | |
| 单 册: | ||
| 中图分类: | D922.220.4 | |
| 科图分类: | ||
| 主题词: | 会计学--kuai ji xue--会计师--资格考核--解题 | |
| 电子资源: | ||
| ISBN: | 978-7-01-005479-7 | |
| 000 | 01291nam 2200277 450 | |
| 001 | 012008508851 | |
| 005 | 20080428160057.79 | |
| 010 | @a978-7-01-005479-7@dCNY10.00 | |
| 100 | @a20080428d2007 em y0chiy0120 ea | |
| 101 | 0 | @achi |
| 102 | @aCN@b110000 | |
| 105 | @ay z 000yy | |
| 106 | @ar | |
| 200 | 1 | @a历年考题汇编及答案详解@Ali nian kao ti hui bian ji da an xiang jie@i审计@f中华会计网校编@Fzhong hua kuai ji wang xiao bian |
| 205 | @a第2版@d2007年最新版 | |
| 210 | @a北京@c人民出版社@d2007.05 | |
| 215 | @a131页@d19cm | |
| 225 | 2 | @a2007年注册会计师全国统一考试梦想成真系列辅导丛书@A2007 nian zhu ce kuai ji shi quan guo tong yi kao shi meng xiang cheng zhen xi lie fu dao cong shu |
| 330 | @a本书收录了历年来注册会计师全国统一考试中审计部分的试题,并提供了参考答案和详细解析。对于广大考生来说,除了全面系统学习大纲、教材的内容以外,还迫切需要一套能在短时间内帮助自己掌握考试重点、难点、考点,迅速提高明应试能力和答题技巧的高质量辅导用书来进行复习。 | |
| 410 | 0 | @12001 @a2007年注册会计师全国统一考试梦想成真系列辅导丛书 |
| 517 | 1 | @a审计@Ashen ji |
| 606 | 0 | @a会计学@Akuai ji xue@x会计师@x资格考核@j解题 |
| 690 | @aD922.220.4@v4 | |
| 711 | 02 | @a中华会计网校@Azhong hua kuai ji wang xiao@4编 |
| 801 | 0 | @aCN@bQSSK@c20080428 |
| 905 | @b298415-17@dD922.220.4@eZ671@f3 | |
| 历年考题汇编及答案详解.审计/中华会计网校编.-第2版=2007年最新版.-北京:人民出版社,2007.05 |
| 131页;19cm.-(2007年注册会计师全国统一考试梦想成真系列辅导丛书) |
| ISBN 978-7-01-005479-7:CNY10.00 |
| 本书收录了历年来注册会计师全国统一考试中审计部分的试题,并提供了参考答案和详细解析。对于广大考生来说,除了全面系统学习大纲、教材的内容以外,还迫切需要一套能在短时间内帮助自己掌握考试重点、难点、考点,迅速提高明应试能力和答题技巧的高质量辅导用书来进行复习。 |
| ● |
| 相关链接 |
|
|
|
正题名:历年考题汇编及答案详解
索取号:D922.220.4/Z671
 
预约/预借
| 序号 | 登录号 | 条形码 | 馆藏地/架位号 | 状态 | 备注 |
| 1 | 298415 | 202984155 | 社科库509/509社科库 86排7列3层/ [索取号:D922.220.4/Z671] | 在馆 | |
| 2 | 298416 | 202984164 | 社科库509/409社科库 87排3列5层/ [索取号:D922.220.4/Z671] | 在馆 | |
| 3 | 298417 | 202984173 | 社科库509/509社科库 86排7列3层/ [索取号:D922.220.4/Z671] | 在馆 |